000 00296nam a22001337a 4500
008 181023b xxu||||| |||| 00| 0 eng d
020 _a9780130979926
041 _aeng
080 _25th
_a610.73
100 _a2
101 _aINF
245 _aMental Health Nursing
_cFonteine
942 _2udc
_cBK
999 _c50714
_d50714